Norman Reedus Movies - Sudden Death - Statistics

General Stats
  • This quiz has been taken 8 times
  • The average score is 5 of 11
Answers on the Grid
Answers color-coded by a green-red scale on the quiz's grid according to % correct below.
The Brothers Bloom
Eyes Wide Shut
The Boondock Saints
Six Ways To Sunday
The Devil Wears Prada
Ballerina
The Judge
American Gangster
The Nice Guys
The Walker
Moscow Chill
The Devil's Advocate
John Wick
Any Given Sunday
Let the Devil Wear Black
The Bikeriders
Iron Man: Rise of Technovore
A Most Wanted Man
Snatch
Air
A Scanner Darkly
Gangster Squad
Sky
Point Break
Floating
Much Ado About Nothing
Speed
Only God Forgives
 
Answer Stats
Answer % Correct
Moscow Chill
75%
Sky
75%
The Bikeriders
75%
American Gangster
50%
Let the Devil Wear Black
50%
Six Ways To Sunday
50%
The Boondock Saints
50%
Air
25%
Ballerina
25%
Floating
25%
Iron Man: Rise of Technovore
25%
No matching quizzes found
Score Distribution
Percent of People with Each Score
Percentile by Number Answered
Your Score History
You have not taken this quiz